00485nam a22001697a 450000500170000001000150001702000260003203500140005803700130007208200080008510000210009324500470011426000230016127000670018430000260025150000380027720170627145446.0 aENG-118933 a9788184656060c295.00 aEN-102465 bDBAD/PUB a280 aRegulas, Bouvert aChristian psychology /cby Bouvert Regulas aDelhibISPCKc2017 aPost Box 1585, 1654, Madarsa Road, Kashmere Gate, Delhi-110006 aviii,242pc23cm.(pbk) aIncludes bibliographical refrence